Hombres en la Tormenta: y otros relatos

Spremljeno u:
Bibliografski detalji
Glavni autor: Crane, Stephen
Format: Knjiga
Jezik:Undetermined
Izdano: Buenos Aires, Argentina Editorial Troquel 1967
Teme:
Oznake: Dodaj oznaku
Bez oznaka, Budi prvi tko označuje ovaj zapis!

MARC

LEADER 00000nam a2200000Ia 4500
008 170316s9999 xx 000 0 und d
090 |a 810 C-24h 
100 |a Crane, Stephen 
245 |a Hombres en la Tormenta: y otros relatos 
260 |a Buenos Aires, Argentina 
260 |b Editorial Troquel 
260 |c 1967 
300 |a 239 páginas 
650 |a LITERATURA ESTADOUNIDENSE 
999 |c 20902  |d 20902 
040 |a cru BVZT 
942 |c 15 D  |h 810 C-24h  |2 z